000 01288nam0a22003251 4500
001 2558111
005 20251118181718.1
021 _aRU
_b79-5967
035 _a(NLR Aleph) 006443817
090 _a5668310
_c5668310
100 _a20110316d1979 u y0rusy50 ca
101 0 _arus
102 _aRU
105 _aa z |||||
200 1 _aЖивотноводство - ударный фронт!
_eВ помощь художнику-оформителю и организатору нагляд. агитации
_eКомплект худож.-декорат. оформления
_fАвт.-сост. А. Зельберт
_gХудож. Г. Гаусман, С. Жмуренков
210 _aМосква
_cПлакат
_d1979
215 _a14 отд. л. цв. ил. в обертке
_d51
686 _aЩ153(2Р=Р)7-8Жмуренков,С.43я61
_2rubbk
686 _aЩ156.63(2Р=Р)7-33(2)2я61
_2rubbk
686 _aУ9(2)325.20я61
_2rubbk
686 _aЩ153(2Р=Р)7-8Гаусман,Г.43я61
_2rubbk
702 1 _aГаусман
_bГ.
_4440
702 1 _aЗельберт
_bА.
_4220
702 1 _aЖмуренков
_bС.
_4440
801 0 _aRU
_bNLR
_gpsbo
801 1 _aRU
_bELAR
_2rusmarc
852 _aNLR
_jDesideratum
899 _aRuMoRGB
_jИЗО
942 _cBOOK
980 _aNB